000
00214nam a2200085Ia 4500
008
120527s9999 xx 000 0 und d
100
_a
Turtora Grabowski
245
_a
Principles of anatomy and psychology
942
_c
BK
999
_c
27599
_d
27599